[Event "Division Honor Grupo II"]
[Site ""]
[Date "2011.02.19"]
[Round "3.22"]
[White "Martinez Cebolla Alberto"]
[Black "Guzman Moneo Alberto"]
[Result "1/2-1/2"]
[WhiteElo "2061"]
[BlackElo "2170"]

1.e4 c5 2.Nf3 g6 3.c3 Bg7 4.d4 cxd4 5.cxd4 d5 6.e5 Nc6 7.Nc3 Bg4 8.Be2 Nh6 9.
h3 Bxf3 10.Bxf3 Nf5 11.Be3 e6 12.Qd2 O-O 13.O-O-O Rc8 14.Kb1 Na5 15.Be2 Nc4
16.Bxc4 Rxc4 17.g4 Nxe3 18.Qxe3 Qb6 19.h4 Rfc8 20.Ka1 a5 21.h5 a4 1/2-1/2

[Event "Division Honor Grupo II"]
[Site ""]
[Date "2011.02.19"]
[Round "3.23"]
[White "Cerrajeria Ruiz Jesus Maria"]
[Black "Castillo Sanjuan Alejandro"]
[Result "1/2-1/2"]
[WhiteElo "2149"]
[BlackElo "1967"]

1.a3 e5 2.e4 Nf6 3.Nc3 d5 4.exd5 Nxd5 5.Qh5 Qd6 6.Bc4 c6 7.Nf3 Nd7 8.d4 g6 9.
Qh4 Bg7 10.Ne4 Qe7 11.Bg5 f6 12.Bd2 exd4 13.O-O-O Ne5 14.Bxd5 cxd5 15.Bb4 Nxf3
16.gxf3 1/2-1/2

[Event "Division Honor Grupo II"]
[Site ""]
[Date "2011.02.19"]
[Round "3.24"]
[White "Colas Perez Patricia"]
[Black "Matamoros Villarreal Antonio"]
[Result "1/2-1/2"]
[WhiteElo "1815"]
[BlackElo "2021"]

1.c4 Nf6 2.Nc3 d6 3.g3 e5 4.Bg2 c6 5.e4 Be7 6.d3 O-O 7.Nf3 Nbd7 8.O-O a5 9.Rb1
Re8 10.a3 Qc7 11.h3 Rb8 12.b4 axb4 13.axb4 b5 14.cxb5 cxb5 15.Qb3 Nf8 16.Be3
Be6 17.Qb2 h6 18.Ra1 Rb7 19.Ra5 Qd7 20.Kh2 Bd8 21.Ra6 Bc7 1/2-1/2

[Event "Division Honor Grupo II"]
[Site ""]
[Date "2011.02.19"]
[Round "3.25"]
[White "Valles Mata David"]
[Black "Gil Capape MA"]
[Result "1/2-1/2"]
[WhiteElo "2152"]
[BlackElo "2061"]

1.e4 e6 2.d4 d5 3.Nc3 Bb4 4.e5 c5 5.a3 Bxc3+ 6.bxc3 Ne7 7.Qg4 cxd4 8.Qxg7 Rg8
9.Qxh7 Nbc6 10.f4 Qb6 11.Ne2 Bd7 12.Qd3 Nf5 13.cxd4 Ncxd4 14.Nxd4 Nxd4 15.c3
Nf5 16.Rb1 Qc5 17.Rxb7 Bc6 18.Rb1 a6 19.Bd2 Rh8 20.c4 Qe7 21.Rb6 Ba4 22.g3 Qc5
23.Rb4 Bc6 24.Bg2 a5 25.Rb3 dxc4 26.Bxc6+ Qxc6 27.Qf3 Qxf3 28.Rxf3 Rb8 29.O-O
Rb2 30.R1f2 Nd4 31.Rc3 Ke7 32.h4 Rc8 33.Bc1 Rxf2 34.Kxf2 Nb5 35.Rc2 a4 36.Ke3
Rc5 37.h5 c3 38.h6 Kf8 39.g4 Kg8 40.g5 Rc4 41.Kd3 Rd4+ 42.Ke3 Rc4 43.Kd3 Rd4+
44.Ke3 Rd5 45.Ke4 Rd1 46.Ke3 Kh7 47.Ke2 Rd7 48.Ke3 1/2-1/2

[Event "Division Honor Grupo II"]
[Site ""]
[Date "2011.02.19"]
[Round "3.26"]
[White "Vera Aranjuelo Jesus Maria"]
[Black "Solano Lasierra Javier"]
[Result "0-1"]
[WhiteElo "2049"]
[BlackElo "2156"]

1.d4 Nf6 2.Nf3 g6 3.Bf4 Bg7 4.e3 O-O 5.h3 d6 6.Be2 Nbd7 7.O-O Ne4 8.Bh2 e5 9.
c3 Kh8 10.Nbd2 Nxd2 11.Nxd2 f5 12.dxe5 dxe5 13.Qc2 Qe7 14.Rac1 Nb6 15.Nf3 Bd7
16.Rfd1 Bc6 17.c4 g5 18.Ne1 e4 19.a3 f4 20.b4 Ba4 21.Qa2 Bxd1 22.Bxd1 fxe3 23.
fxe3 Qf7 24.Bg3 Rad8 25.Bb3 h5 26.c5 Qf1+ 27.Kh2 h4 28.Bxc7 Rd7 29.Nd3 Qxd3
30.cxb6 Rxc7 31.bxc7 Be5+ 32.Kh1 Rf1+ 0-1

[Event "Division Honor Grupo II"]
[Site ""]
[Date "2011.02.19"]
[Round "3.27"]
[White "Escuer Sanchez Nestor"]
[Black "Alonso Fernandez Revuelta Rodri"]
[Result "1/2-1/2"]
[WhiteElo "2107"]
[BlackElo "2037"]

1.e4 e6 2.d4 d5 3.Nd2 Nf6 4.e5 Nfd7 5.Bd3 c5 6.c3 b6 7.Nh3 Ba6 8.Bxa6 Nxa6 9.
O-O Be7 10.Qg4 g6 11.Nf3 h5 12.Qg3 Nf8 13.Be3 Qd7 14.Nfg5 Bxg5 15.Bxg5 Nb8 16.
dxc5 bxc5 17.c4 Nc6 18.Rad1 Nd4 19.Qa3 Rc8 20.Rd2 Nh7 21.Be3 O-O 22.Rfd1 Qc7
23.f4 dxc4 24.Bxd4 cxd4 25.Rxd4 Rfd8 26.Nf2 Rxd4 27.Rxd4 g5 28.Qe3 c3 29.bxc3
1/2-1/2

[Event "Division Honor Grupo II"]
[Site ""]
[Date "2011.02.19"]
[Round "3.28"]
[White "Carraminana Lopez Luis Antonio"]
[Black "Felez Casedas Carlos"]
[Result "1/2-1/2"]
[WhiteElo "2067"]
[BlackElo "2042"]

1.e4 d5 2.exd5 Qxd5 3.Nc3 Qa5 4.d4 Nf6 5.Bd2 c6 6.Bc4 Bf5 7.Nf3 e6 8.Qe2 Bb4
9.O-O-O O-O 10.a3 Bxc3 11.Bxc3 Qc7 12.Ne5 b5 13.Bd3 Bxd3 14.Rxd3 Nbd7 15.Bb4
Nd5 1/2-1/2

[Event "Division Honor Grupo II"]
[Site ""]
[Date "2011.02.19"]
[Round "3.29"]
[White "Laliena Solares Luis"]
[Black "Adla Diego Gustavo"]
[Result "0-1"]
[WhiteElo "2208"]
[BlackElo "2512"]

1.d4 {299MB, Eco2008.ctg, ASUS X51R
} 1...d5 2.Bf4 c5 3.e3 cxd4 4.exd4 Qb6 5.Nc3 Nf6 6.Nb5 Na6 7.a4 Bg4 8.Nf3 e6
9.h3 Bh5 10.c3 Be7 11.a5 Qd8 12.Bd3 O-O 13.g4 Bg6 14.Bxg6 hxg6 15.Ne5 Ne4 16.
O-O Nb8 17.f3 Nd6 18.Qe2 Ne8 19.Bg3 a6 20.Na3 Nd7 21.Nc2 Nxe5 22.dxe5 b6 23.
Nd4 bxa5 24.Kg2 Qb6 25.f4 Bc5 26.Rad1 Nc7 27.f5 Bxd4 28.cxd4 gxf5 29.gxf5 exf5
30.Rxf5 Rac8 31.Rd2 Qg6 32.Rf4 Ne6 33.Rg4 Qf5 34.Qxa6 Rc2 35.Rxc2 Qxc2+ 36.Bf2
Rb8 37.Qxa5 Rxb2 38.Qe1 Rb1 39.Qa5 Rb2 40.Qe1 Rb1 41.Qa5 Qc1 42.Qa8+ Kh7 43.
Rh4+ Kg6 44.Qa2 Kf5 45.Rh5+ g5 46.Kg3 Qc3+ 47.Kh2 Rb2 0-1

[Event "Division Honor Grupo II"]
[Site ""]
[Date "2011.02.19"]
[Round "3.30"]
[White "Glavina Rossi Pablo"]
[Black "Latorre Abad Fernando"]
[Result "1-0"]
[WhiteElo "2462"]
[BlackElo "2100"]

1.Nf3 f5 2.d4 Nf6 3.h3 e6 4.g4 g6 5.Bf4 Bg7 6.c4 d6 7.Nc3 Nbd7 8.e3 b6 9.Bd3
Bb7 10.gxf5 e5 11.dxe5 dxe5 12.Bg5 Nc5 13.Be2 Bxf3 14.Bxf3 e4 15.Bxf6 Nd3+ 16.
Qxd3 Qxd3 17.Bxe4 Qd7 18.Bxg7 O-O-O 19.Bxh8 Qd2+ 20.Kf1 Rxh8 21.Rb1 Rf8 22.Kg2
Qd8 23.Rhd1 Qg5+ 24.Kh2 gxf5 25.Bf3 Qh4 26.Rd2 Qxc4 27.Rd4 Qe6 28.Rbd1 Qf6 29.
Rf4 Rg8 30.Nd5 Qd6 31.b4 b5 32.Rc1 Rg7 33.Rc6 Qe5 34.Rf6 Qa1 35.Bg2 Qxa2 36.
R4xf5 Qb2 37.Rf8+ Kd7 38.Be4 Qa1 39.Nf6+ Ke7 40.Re8+ Kd6 41.Rd5+ 1-0

[Event "Division Honor Grupo II"]
[Site ""]
[Date "2011.02.19"]
[Round "3.31"]
[White "Cobo Garrido Diego Israel"]
[Black "Lopez Gracia Fernando"]
[Result "0-1"]
[WhiteElo "2062"]
[BlackElo "2319"]

1.e4 d5 2.exd5 Qxd5 3.Nc3 Qd6 4.d4 Nf6 5.g3 Bg4 6.Nf3 Nc6 7.Nb5 Qd7 8.Bf4 Nd5
9.Be2 a6 10.Nc3 Nxf4 11.gxf4 e6 12.Rg1 Bxf3 13.Bxf3 O-O-O 14.d5 Nb4 15.a3 Nxd5
16.Nxd5 exd5 17.Rg5 Qb5 18.Bg4+ Kb8 19.Be2 Qc6 20.Bf3 Qb5 21.Be2 Qb6 22.b4 Be7
23.Rg3 Bh4 24.Rf3 Rhe8 25.Kf1 Re6 26.Rb1 Rde8 27.Bd3 g6 28.a4 f5 29.a5 Qd4 30.
Qd2 Bf6 31.b5 axb5 32.Rxb5 Qa1+ 33.Kg2 Bc3 34.Rb1 Qxa5 35.Ba6 Bxd2 36.Rxb7+
Ka8 0-1

[Event "Division Honor Grupo II"]
[Site ""]
[Date "2011.02.19"]
[Round "3.32"]
[White "Moreno Gracia Daniel"]
[Black "Sanz Lopez R"]
[Result "1-0"]
[WhiteElo "2277"]
[BlackElo "1935"]

1.c4 e6 2.Nc3 f5 3.g3 Nf6 4.Bg2 d5 5.d4 c6 6.Nf3 Bd6 7.O-O O-O 8.Qc2 Qe8 9.Rb1
Qh5 10.b4 a6 11.a4 Nbd7 12.b5 axb5 13.axb5 Ne4 14.Bf4 Ndf6 15.bxc6 bxc6 16.
Bxd6 Nxd6 17.Ne5 Ng4 18.Nxg4 Qxg4 19.cxd5 cxd5 20.Nxd5 Ra5 21.Ne7+ Kh8 22.Qc7
Ra6 23.Rb8 1-0

[Event "Preferente Grupo I"]
[Site ""]
[Date "2011.02.19"]
[Round "3.33"]
[White "Alonso Blasco Jose Miguel"]
[Black "Trigo Conde Isaac"]
[Result "1/2-1/2"]
[WhiteElo "2130"]
[BlackElo "2264"]

1.e4 e5 2.Nf3 Nc6 3.Bb5 a6 4.Bxc6 dxc6 5.O-O f6 6.d4 Bg4 7.dxe5 Qxd1 8.Rxd1
fxe5 9.Rd3 Bd6 10.Nbd2 b5 11.h3 Bh5 12.a4 Nf6 13.c4 O-O 14.b3 Nd7 15.Bb2 Rab8
16.axb5 cxb5 17.b4 bxc4 18.Nxc4 Rxb4 19.Nxd6 cxd6 20.Ba3 Rxe4 21.Bxd6 Ra8 22.
Bc7 Nc5 23.Rd5 Nb3 24.Ng5 Rc4 25.Rxa6 Re8 26.Bxe5 h6 27.g4 Bxg4 28.Ra7 hxg5
29.hxg4 Rxg4+ 30.Kf1 Nd2+ 31.Rxd2 Rxe5 32.Rdd7 Rge4 33.Rxg7+ Kf8 34.Rgf7+ Kg8
35.Rg7+ Kf8 36.Raf7+ Ke8 37.Rb7 Kf8 38.Rbf7+ Ke8 39.Rc7 Re7 40.Rcxe7+ Rxe7 41.
Rxg5 Kf7 42.Kg2 Ra7 43.Rb5 Ra6 44.Kg3 Rc6 45.Kg4 Ra6 46.Rb7+ Kf8 47.f4 Rc6 48.
Ra7 Rb6 49.Kg5 Rc6 50.f5 Rb6 51.Rh7 Ra6 52.f6 Ra1 1/2-1/2

[Event "Preferente Grupo I"]
[Site ""]
[Date "2011.02.19"]
[Round "3.34"]
[White "Garcia Vicente Nieves"]
[Black "Javierre Conesa Alfonso"]
[Result "1-0"]
[WhiteElo "2220"]
[BlackElo "2058"]

1.d4 d5 2.Nf3 Nf6 3.c4 c6 4.Nc3 e6 5.e3 Nbd7 6.Bd3 Be7 7.O-O O-O 8.e4 dxe4 9.
Nxe4 Nxe4 10.Bxe4 Nf6 11.Bc2 c5 12.Qd3 cxd4 13.Nxd4 Bc5 14.Be3 e5 15.Nf5 Qxd3
16.Bxd3 Bxe3 17.Nxe3 Be6 18.Rfd1 Rfd8 19.f3 Rd7 20.Be2 Rad8 21.Rxd7 Rxd7 22.
Rd1 Kf8 23.Kf2 Ke7 24.b4 Ne8 25.Rxd7+ Kxd7 26.Bd3 Nc7 27.a3 h6 28.Nf5 Bxf5 29.
Bxf5+ Kd6 30.Ke3 b6 31.h4 g6 32.Bd3 Ne6 33.g3 a5 34.c5+ Kc7 35.cxb6+ Kxb6 36.
bxa5+ Kxa5 37.Bc4 Nc5 38.Bxf7 g5 39.hxg5 hxg5 40.Be8 Kb6 41.Kd2 e4 42.Ke3 exf3
43.Kxf3 Kc7 44.Kg4 Kd8 45.Bb5 Ne4 46.Bc6 Nxg3 47.Kxg3 1-0

[Event "Preferente Grupo I"]
[Site ""]
[Date "2011.02.19"]
[Round "3.35"]
[White "Mombiela de Sus Jose Luis"]
[Black "Cabrera Moreno Daniel"]
[Result "1-0"]
[WhiteElo "2018"]
[BlackElo "2193"]

1.f4 e5 2.fxe5 d6 3.exd6 Bxd6 4.Nf3 Nc6 5.d4 Bg4 6.e3 Nf6 7.Be2 Qe7 8.Nbd2
O-O-O 9.c3 Nd5 10.Nc4 Rhe8 11.O-O f5 12.Rf2 g5 13.Bd2 Nf6 14.Bd3 Ne4 15.Rf1
Bh5 16.Be1 Qg7 17.Qc2 Qh6 18.b4 Bf7 19.Nxd6+ Rxd6 20.b5 Nd8 21.Ne5 Bg6 22.Bxe4
fxe4 23.Bg3 Rde6 24.c4 Qg7 25.c5 h5 26.h3 h4 27.Bh2 R8e7 28.Rab1 c6 29.Qa4
cxb5 30.Rxb5 Be8 31.Qxa7 Ra6 32.Nc4 Nc6 33.Nd6+ Kd8 34.Nxb7+ Rxb7 35.Qxb7 Qxb7
36.Rxb7 1-0

[Event "Preferente Grupo I"]
[Site ""]
[Date "2011.02.19"]
[Round "3.36"]
[White "Cid Royo Oscar"]
[Black "Artal Alegria Francisco Javier"]
[Result "1-0"]
[WhiteElo "2083"]
[BlackElo "1972"]

1.d4 Nf6 2.Nf3 c5 3.c3 e6 4.Bf4 Qb6 5.Qc2 Nc6 6.e3 Be7 7.Nbd2 d5 8.a4 a6 9.Be2
Nh5 10.Bg3 f5 11.Ne5 Nxg3 12.hxg3 Nxe5 13.dxe5 Bd7 14.Bh5+ g6 15.Bxg6+ Kd8 16.
Bh5 Rc8 17.O-O Rg8 18.Nf3 d4 19.exd4 cxd4 20.Rfd1 dxc3 21.Qd3 Rc7 22.bxc3 Rxg3
23.Qd4 Qc6 24.Rab1 Rg7 25.Rb6 Qxc3 26.Rxb7 Qxd4 27.Nxd4 Kc8 28.Rb6 Bc5 29.Rxa6
Bxd4 30.Rxd4 Bc6 31.g3 Kb7 32.Be2 Bd5 33.Rb4+ Kc8 34.Rb1 Rg6 35.Bf1 f4 36.Rd6
Rc2 37.Bd3 fxg3 38.Bxc2 gxf2+ 39.Kf1 Rg1+ 40.Ke2 Bb7 41.Bd3 Rg3 42.Kxf2 Rf3+
43.Ke2 1-0

[Event "Preferente Grupo I"]
[Site ""]
[Date "2011.02.19"]
[Round "3.37"]
[White "Antonano Fernandez Avelino"]
[Black "Pes Mateo Angel"]
[Result "1/2-1/2"]
[WhiteElo "2144"]
[BlackElo "2052"]

1.e4 c5 2.Nf3 d6 3.d4 cxd4 4.Nxd4 Nf6 5.Nc3 a6 6.g3 e5 7.Nde2 Be7 8.Bg2 O-O 9.
O-O Nbd7 10.a4 b6 11.h3 Bb7 12.g4 Rc8 13.Ng3 Re8 14.g5 Nxe4 15.Ncxe4 d5 16.Nc3
Bxg5 17.Nxd5 Nc5 18.Bxg5 Qxg5 19.Qg4 Qxg4 20.hxg4 Ne6 21.c3 Bxd5 22.Bxd5 Nf4
23.Bb7 Rcd8 24.Bxa6 Rd2 25.Rab1 e4 26.Nh5 Nxh5 27.gxh5 Rd5 28.Rfd1 Rxh5 29.Bb5
Rf8 30.Rd4 Rg5+ 31.Kf1 f5 32.Rbd1 h5 33.Rd8 Rxd8 34.Rxd8+ Kh7 35.Ke2 Rg2 36.
Rf8 g6 37.Rf7+ Kh6 38.Ke3 h4 39.b4 Rg1 40.Rd7 h3 41.Rd8 Kg7 42.Rd7+ Kh6 43.Rd8
Kg7 44.Rd7+ 1/2-1/2

[Event "Preferente Grupo I"]
[Site ""]
[Date "2011.02.19"]
[Round "3.38"]
[White "Forcen Esteban Victor"]
[Black "Jaques Burguete Raul"]
[Result "0-1"]
[WhiteElo "1945"]
[BlackElo "2027"]

1.e4 Nc6 2.Nf3 d5 3.exd5 Qxd5 4.Nc3 Qd8 5.Bc4 Nf6 6.O-O Bg4 7.h3 Bxf3 8.Qxf3
e6 9.Bb5 Qd7 10.d3 a6 11.Ba4 Bb4 12.Ne4 Nd5 13.a3 Be7 14.b4 b5 15.Bb3 Nd4 16.
Qg3 Ne2+ 0-1

[Event "Preferente Grupo I"]
[Site ""]
[Date "2011.02.19"]
[Round "3.39"]
[White "Najera de Miguel Pedro"]
[Black "Galvez Rubio David"]
[Result "1-0"]
[WhiteElo "2020"]
[BlackElo "1908"]

1.c4 e5 2.g3 Nf6 3.Bg2 c6 4.d4 exd4 5.Qxd4 Na6 6.Nf3 Bc5 7.Qe5+ Qe7 8.O-O O-O
9.Qxe7 Bxe7 10.Nc3 Re8 11.a3 d6 12.Nd2 Be6 13.b4 Nc7 14.b5 d5 15.bxc6 bxc6 16.
cxd5 Ncxd5 17.Na4 Rab8 18.Bb2 Rbc8 19.Rfc1 c5 20.Nc4 Nb6 21.Naxb6 axb6 22.Be5
Nd7 23.Bf4 Bxc4 24.Rxc4 b5 25.Rc2 c4 26.Bh3 Nc5 27.Bxc8 Rxc8 28.Rb1 Nb3 29.
Rxb3 1-0

[Event "Preferente Grupo I"]
[Site ""]
[Date "2011.02.19"]
[Round "3.40"]
[White "Gregorio Cabello Alberto"]
[Black "Alvarez Gonzalo Miguel Angel"]
[Result "0-1"]
[WhiteElo "1837"]
[BlackElo "1995"]

1.e4 c5 2.Nf3 d6 3.Nc3 Nc6 4.d4 cxd4 5.Nxd4 Nf6 6.Nb3 a6 7.Bd3 e6 8.O-O Be7 9.
Bf4 O-O 10.Re1 Ne5 11.Bxe5 dxe5 12.Bf1 Qc7 13.a3 b5 14.Na2 Bb7 15.f3 Rac8 16.
c3 Nd7 17.Nb4 a5 18.Nd3 Rfd8 19.Qc2 b4 20.axb4 axb4 21.Rec1 bxc3 22.bxc3 Bg5
23.Nd2 Nc5 24.Kh1 Nxd3 25.Bxd3 Qd6 26.Ra7 Qxd3 27.Rxb7 Qxc2 28.Rxc2 Rxd2 29.
Rxd2 Bxd2 30.c4 Kf8 31.Rb2 Bc3 32.Kg1 0-1

[Event "Preferente Grupo I"]
[Site ""]
[Date "2011.02.19"]
[Round "3.41"]
[White "Dominguez Bujeda Jesus"]
[Black "Donoso Sanchez Alejandro"]
[Result "1-0"]
[WhiteElo "2138"]
[BlackElo "2187"]

1.d4 Nf6 2.c4 c5 3.d5 e6 4.Nc3 exd5 5.cxd5 d6 6.e4 g6 7.f4 Bg7 8.Bb5+ Nfd7 9.
Be2 O-O 10.Nf3 Re8 11.O-O Nf6 12.e5 dxe5 13.fxe5 Ng4 14.Bg5 f6 15.exf6 Bxf6
16.Qd2 Bf5 17.Bb5 Nd7 18.Bxf6 Qxf6 19.h3 Nge5 20.g4 a6 21.Be2 Nxf3+ 22.Rxf3
Qd4+ 23.Qxd4 cxd4 24.gxf5 dxc3 25.Kf2 cxb2 26.Rb1 Nc5 27.Rxb2 gxf5 28.Rxf5 Rf8
29.Rxf8+ Kxf8 30.Ke3 b5 31.Kd4 Nd7 32.Bg4 Rd8 33.Rf2+ Kg7 34.Be6 Nf8 35.Bg4
Nd7 36.Bxd7 Rxd7 37.Kc5 Rc7+ 38.Kb6 Rc1 39.d6 Rd1 40.Kc7 b4 41.d7 Rc1+ 42.Kd8
Kg6 43.Rf4 a5 44.Ke7 Re1+ 45.Kd6 Rd1+ 46.Kc6 a4 47.Rf8 1-0

[Event "Preferente Grupo I"]
[Site ""]
[Date "2011.02.19"]
[Round "3.42"]
[White "San Miguel Mateo Luis"]
[Black "Arpa Pardo Emilio"]
[Result "1/2-1/2"]
[WhiteElo "1950"]
[BlackElo "2083"]

1.e4 e5 2.Nf3 Nc6 3.Bc4 Nf6 4.d3 Be7 5.Nc3 d6 6.h3 Na5 7.Bb3 Nxb3 8.axb3 O-O
9.O-O h6 10.Be3 a6 11.Qd2 Re8 12.Ne2 d5 13.exd5 Qxd5 14.Rad1 Bxh3 15.Nc3 Qc6
16.Bxh6 gxh6 17.Qxh6 Bxg2 18.Qg5+ Kh8 19.Qh6+ Kg8 20.Qg5+ Kh8 21.Qh6+ Kg8
1/2-1/2

[Event "Preferente Grupo I"]
[Site ""]
[Date "2011.02.19"]
[Round "3.43"]
[White "Gil Pineiro David"]
[Black "Juni Pardos Marcos"]
[Result "0-1"]
[WhiteElo "1948"]
[BlackElo "1881"]

1.e4 d5 2.Nc3 dxe4 3.Nxe4 Bf5 4.Ng3 Bg6 5.Nf3 e6 6.h4 h6 7.Bc4 Nf6 8.d3 Bd6 9.
h5 Bh7 10.Qe2 c6 11.Ne5 Qa5+ 12.b4 Qxe5 0-1

[Event "Preferente Grupo I"]
[Site ""]
[Date "2011.02.19"]
[Round "3.44"]
[White "Palos Oroz Fernando"]
[Black "Vicente Sanz Fernando"]
[Result "0-1"]
[WhiteElo "1601"]
[BlackElo "1945"]

1.e4 c5 2.Nf3 g6 3.Bc4 Bg7 4.O-O e6 5.c3 Ne7 6.d4 cxd4 7.Nxd4 d5 8.exd5 Nxd5
9.Qb3 Nb6 10.Be3 Nxc4 11.Qxc4 O-O 12.Nd2 b6 13.Nc6 Nxc6 14.Qxc6 Ba6 15.Rfe1
Qd3 16.Qe4 Qxe4 17.Nxe4 Rfd8 18.Bg5 Rd3 19.Rad1 h6 20.Be7 f5 21.Rxd3 Bxd3 22.
Ng3 Kf7 23.Ba3 Bc2 24.Rc1 Ba4 25.b3 Be8 26.Kf1 Rd8 27.Ke1 Bc6 28.f3 e5 29.Ke2
Ke6 30.Bb2 Bf6 31.Rc2 h5 32.c4 Be7 33.Nf1 e4 34.f4 h4 35.h3 Rd3 36.Rd2 Rxd2+
37.Kxd2 g5 38.Be5 g4 39.Ke3 Bc5+ 40.Ke2 Be8 41.Nh2 Bh5 42.Ke1 Bg1 43.Nf1 gxh3
44.gxh3 Bf3 45.Bb8 a5 46.a3 Bg2 47.Bc7 Bxh3 48.b4 axb4 49.axb4 Bg2 50.c5 bxc5
51.bxc5 Bxc5 52.Be5 h3 53.Ne3 h2 0-1

[Event "Preferente Grupo I"]
[Site ""]
[Date "2011.02.19"]
[Round "3.45"]
[White "Alcon Herrero Javier"]
[Black "Naya Sancho Jose Ignacio"]
[Result "0-1"]
[WhiteElo "2069"]
[BlackElo "2124"]

1.d4 Nf6 2.Nf3 g6 3.c4 Bg7 4.Nc3 O-O 5.e4 d6 6.Be2 e5 7.O-O Nbd7 8.Be3 Re8 9.
Qc2 exd4 10.Nxd4 Nc5 11.f3 a5 12.Rfd1 c6 13.Rab1 Qc7 14.b3 Ne6 15.Na4 Nc5 16.
Nc3 Ne6 17.Bf1 Nxd4 18.Bxd4 Be6 19.Na4 Nh5 20.Bb6 Qe7 21.Qd2 Be5 22.g3 g5 23.
g4 Nf4 24.Bxa5 h5 25.h3 hxg4 26.fxg4 Rxa5 27.Qxa5 Qf6 28.Qd2 Kg7 29.Rbc1 Rh8
30.Qe3 Bxg4 31.hxg4 Qh6 32.Kf2 Qh4+ 33.Kf3 Qh1+ 34.Kf2 Rh2+ 35.Ke1 Ng2+ 0-1

[Event "Preferente Grupo I"]
[Site ""]
[Date "2011.02.19"]
[Round "3.46"]
[White "Neila Castillo Miguel Angel"]
[Black "Sierra Diego Vicente"]
[Result "1/2-1/2"]
[WhiteElo "2082"]
[BlackElo "1901"]

1.Nf3 f5 2.c4 Nf6 3.Nc3 e6 4.d4 b6 5.Bg5 Bb4 6.Qc2 O-O 7.e4 fxe4 8.Bxf6 Qxf6
9.Qxe4 Nc6 10.Bd3 g6 11.O-O Bxc3 12.bxc3 Bb7 13.Nd2 Rab8 14.Qg4 Ne7 15.Rae1
Qf4 16.Qxf4 Rxf4 17.g3 Rf7 18.Be4 Bxe4 19.Rxe4 Rbf8 20.f4 Nf5 21.Nf3 Nd6 22.
Re2 Nxc4 23.Rb1 a5 24.Rd1 Kg7 25.d5 exd5 26.Ng5 h6 27.Nxf7 Rxf7 28.Rxd5 c6 29.
Rd1 Kf6 30.Rde1 a4 31.Kg2 b5 32.h3 Nb6 33.Kf3 Nd5 34.Rc1 1/2-1/2

[Event "Preferente Grupo I"]
[Site ""]
[Date "2011.02.19"]
[Round "3.47"]
[White "Gargallo Serrano David"]
[Black "Dominguez Luzon Fernando"]
[Result "0-1"]
[WhiteElo "1812"]
[BlackElo "2006"]

1.d4 Nf6 2.c4 e6 3.Nc3 Bb4 4.Bd2 O-O 5.e3 b6 6.Nf3 c5 7.Bd3 Bb7 8.a3 cxd4 9.
axb4 dxc3 10.Bxc3 d5 11.c5 Nbd7 12.Ne5 bxc5 13.Nxd7 Nxd7 14.Qh5 h6 15.O-O Qg5
16.Qe2 d4 17.f4 Qe7 18.exd4 cxb4 19.Bd2 Qd6 20.Be3 Nf6 21.f5 Rfe8 22.Qf2 Qd5
23.Qg3 exf5 24.Bc1 Qxd4+ 25.Kh1 Qg4 26.Qf2 Be4 27.Bc4 a5 28.b3 Red8 29.Be2 Qg6
30.Rg1 Ng4 31.Qf4 Qd6 32.Bxg4 Qxf4 33.Bxf4 fxg4 34.Bc7 Rd4 35.Rgd1 Rxd1+ 36.
Rxd1 Bc2 37.Rd4 Bxb3 38.Rxg4 Rc8 39.Bf4 Rc4 40.h4 Bd1 0-1

[Event "Preferente Grupo I"]
[Site ""]
[Date "2011.02.19"]
[Round "3.48"]
[White "Fleta Marin Sergio"]
[Black "Cortes Artigas Jose"]
[Result "0-1"]
[WhiteElo "1713"]
[BlackElo "1500"]

1.e4 e5 2.Nf3 Nf6 3.Bc4 Nxe4 4.Qe2 d5 5.Bb3 Nc6 6.d3 Nf6 7.Nxe5 Nxe5 8.Qxe5+
Qe7 9.Bf4 c6 10.O-O Qxe5 11.Bxe5 Be7 12.Nd2 O-O 13.Rae1 Be6 14.h3 Nd7 15.Bh2
Nc5 16.f4 Bf6 17.f5 Bd7 18.Bd6 Nxb3 19.Nxb3 Rfe8 20.Rxe8+ Rxe8 21.d4 b6 22.c3
Re2 23.Rf2 Rxf2 24.Kxf2 Bxf5 25.Bb8 a6 26.Bc7 b5 27.Nc5 Bc8 28.Kf3 h6 29.Kf4
Kh7 30.Be5 Kg6 31.Nd3 Bg5+ 32.Kf3 Bf5 33.Nb4 Be4+ 34.Kf2 f6 35.Bc7 Bc1 36.Nxc6
Bxb2 37.Ba5 Kf5 38.Nb8 Bd3 39.Nxa6 Bc4 40.Nc7 Ke4 41.Ne8 Bxa2 42.Ke2 Bc4+ 43.
Kd2 Bf1 44.Nxg7 Bxg2 45.h4 f5 46.Ke2 f4 47.Kf2 f3 48.Nh5 Kd3 49.Nf4+ Kc2 50.
Nxd5 Kb3 51.Bb4 Kc4 52.Nb6+ Kd3 53.Nd5 Bc1 54.Bd6 Ke4 55.Nc7 Be3+ 56.Ke1 f2+
0-1

[Event "Preferente Grupo I"]
[Site ""]
[Date "2011.02.19"]
[Round "3.49"]
[White "Colom Sienes Eduardo"]
[Black "Lana Rodriguez David"]
[Result "0-1"]
[WhiteElo "2026"]
[BlackElo "2227"]

1.e4 c5 2.Nf3 g6 3.d4 cxd4 4.Nxd4 Bg7 5.Nc3 Nf6 6.Be3 Nc6 7.Nxc6 dxc6 8.Qxd8+
Kxd8 9.Bc4 Ke8 10.O-O-O Ng4 11.Bd4 Bxd4 12.Rxd4 e5 13.Rd2 h5 14.Rhd1 h4 15.h3
Nf6 16.a4 Ke7 17.b4 Bd7 18.f4 Rh5 19.Be2 Rah8 20.Bxh5 Rxh5 21.Rd6 Be8 22.fxe5
Rxe5 23.R6d4 Nh5 24.Kd2 Rg5 25.Rg1 Nf4 26.Ne2 Ne6 27.Rd3 a5 28.bxa5 Rxa5 29.
Rb1 Ra7 30.Ra3 Nc5 31.Ke3 Nxa4 32.Nc3 b5 33.Nxa4 bxa4 34.Kf4 Ra5 35.Rb4 g5+
36.Kg4 Bd7+ 37.Kh5 c5 38.Rb6 Ra8 39.Rb7 Ke6 40.c4 f6 41.Kg4 Kd6+ 42.Kf3 Kc6
43.Rb2 Be6 44.Rc2 Kd6 45.Ke3 Ke5 46.Rf2 Bf7 47.Rc2 Bg6 48.Rca2 Be8 49.Rf2 Bd7
50.Rc2 Bc6 51.Rca2 Rb8 52.Rf2 Bxe4 53.Rxa4 Rb3+ 54.Ke2 f5 55.Ra2 Kd4 56.Rf1
Bd3+ 0-1

[Event "Preferente Grupo I"]
[Site ""]
[Date "2011.02.19"]
[Round "3.50"]
[White "Aparicio Navarro Pedro Jose"]
[Black "Sanmartin Agustin Alvaro"]
[Result "1-0"]
[WhiteElo "2179"]
[BlackElo "2005"]

1.Nf3 g6 2.c4 Bg7 3.Nc3 d6 4.g3 e5 5.Bg2 Nc6 6.O-O f5 7.d3 Nf6 8.e4 O-O 9.exf5
gxf5 10.d4 e4 11.Ng5 Ng4 12.Ne2 e3 13.Nh3 exf2+ 14.Nxf2 Nxf2 15.Rxf2 Qf6 16.
Be3 Bd7 17.Qd2 Rae8 18.Rd1 a5 19.Nf4 Rxe3 20.Qxe3 Re8 21.Qf3 Nxd4 22.Qd5+ Qf7
23.Rxd4 Bxd4 24.Qxd4 Bc6 25.Bd5 Re1+ 26.Rf1 Rxf1+ 27.Kxf1 Bxd5 28.Qxd5 c6 29.
Qxf7+ Kxf7 30.Ke2 Kf6 31.Ke3 1-0

[Event "Preferente Grupo I"]
[Site ""]
[Date "2011.02.19"]
[Round "3.51"]
[White "Sacristan Latorre Alberto"]
[Black "Munoz Munoz Juan Carlos"]
[Result "1-0"]
[WhiteElo "1959"]
[BlackElo "2103"]

1.e4 g6 2.d4 Bg7 3.Nc3 c5 4.Nf3 cxd4 5.Nxd4 Nc6 6.Be3 Nf6 7.Bc4 Qa5 8.O-O O-O
9.Bb3 d6 10.h3 Bd7 11.Re1 Nxd4 12.Bxd4 Bc6 13.Nd5 Bxd5 14.exd5 Rfe8 15.f4 Bh6
16.Qf3 Nd7 17.f5 Qd2 18.Re4 Ne5 19.Bxe5 dxe5 20.d6 e6 21.Rd1 Qa5 22.d7 Rf8 23.
fxe6 Qb6+ 24.Kh1 fxe6 25.Qg4 Bf4 26.g3 Bxg3 27.Qxg3 Qc6 28.Qxe5 1-0

[Event "Preferente Grupo I"]
[Site ""]
[Date "2011.02.19"]
[Round "3.52"]
[White "Prat Guisado Christian"]
[Black "Gomez Salinas Nestor"]
[Result "0-1"]
[WhiteElo "2055"]
[BlackElo "1845"]

1.d4 Nf6 2.c4 g6 3.Nc3 Bg7 4.e4 d6 5.Nf3 O-O 6.Be2 Na6 7.O-O c5 8.d5 Nc7 9.h3
a6 10.Bf4 Bd7 11.e5 Nfe8 12.Ne4 Bf5 13.exd6 Bxe4 14.dxc7 Nxc7 15.Qb3 b5 16.Qe3
Bxf3 17.Bxf3 Bd4 18.Qe2 Rb8 19.Be3 bxc4 20.Bxd4 cxd4 21.Qxc4 e6 22.Qxd4 Nxd5
23.Rfd1 Qf6 24.Qxf6 Nxf6 25.b3 Rfd8 26.Rac1 Rxd1+ 27.Rxd1 Rc8 28.Bb7 Rc2 29.a4
a5 30.Rd8+ Kg7 31.Ra8 Rc5 32.Ba6 Ne4 33.Bb5 Nd2 34.Rxa5 Nxb3 35.Ra8 h5 36.Ra7
h4 37.Be8 Rf5 38.Rb7 Na5 39.Rb5 Rd5 40.Rxd5 exd5 41.Kf1 Kf8 42.Bb5 Ke7 43.Ke2
g5 44.Kd3 Kd6 45.Ke3 Ke5 46.g3 d4+ 47.Kf3 f5 48.gxh4 gxh4 49.Bd3 Nb3 50.Bb5
Na5 51.Bd3 Nb3 52.Bb5 Nd2+ 53.Ke2 Ne4 54.Bd3 Nc3+ 55.Kd2 Nxa4 56.Bb5 Nc3 57.
Bc6 Ne4+ 58.Ke2 Kf4 59.Ba8 Nc5 60.Bc6 d3+ 61.Kd2 Ne4+ 62.Ke1 d2+ 63.Ke2 Nxf2
64.Kxd2 Nxh3 65.Ke2 Kg3 66.Bd7 f4 67.Bc6 f3+ 68.Kf1 Nf4 69.Bd7 h3 0-1

[Event "Preferente Grupo II"]
[Site ""]
[Date "2011.02.19"]
[Round "3.53"]
[White "Cifuentes Parada Roberto"]
[Black "Ansola Marquinez Alberto"]
[Result "1-0"]
[WhiteElo "2508"]
[BlackElo "2090"]

1.d4 e6 2.Nf3 f5 3.d5 Bb4+ 4.c3 Bd6 5.c4 Nf6 6.Nc3 O-O 7.g3 e5 8.Bh3 g6 9.O-O
c6 10.e4 fxe4 11.Ng5 Bb4 12.Ncxe4 Nxe4 13.Nxe4 d6 14.Bg5 Qc7 15.Bxc8 Qxc8 16.
Be7 Qf5 17.Bxf8 Qxe4 18.Qb3 Na6 19.Bh6 cxd5 20.cxd5 Nc5 21.Qe3 Ba5 22.a3 Qxe3
23.fxe3 Nb3 24.Rad1 Nd2 25.b4 Nxf1 26.bxa5 Nxg3 27.hxg3 Kf7 28.Rc1 Kf6 29.Rc7
g5 30.Rd7 Rc8 31.e4 Rc3 32.Kf2 Rxa3 33.Rxd6+ Ke7 34.Re6+ Kd7 35.Bxg5 Ra2+ 36.
Kf3 Ra3+ 37.Kg4 h5+ 38.Kxh5 Rxg3 39.Re7+ 1-0

[Event "Preferente Grupo II"]
[Site ""]
[Date "2011.02.19"]
[Round "3.54"]
[White "Garcia Asenjo Antonio"]
[Black "Accattato Martin Mario"]
[Result "0-1"]
[WhiteElo "2017"]
[BlackElo "2144"]

1.e4 d6 2.d4 Nf6 3.f3 e5 4.Be3 Nbd7 5.c3 c6 6.Bd3 d5 7.Nd2 exd4 8.cxd4 Qb6 9.
Qb3 Bb4 10.Ne2 dxe4 11.fxe4 Ng4 12.Bg1 c5 13.Bc4 O-O 14.O-O-O Qh6 15.Qd3 cxd4
16.Bxd4 Nde5 17.Qb3 Bxd2+ 18.Rxd2 b5 19.Bd5 Be6 20.Kd1 Bxd5 21.exd5 Nc4 22.Rd3
Rfe8 23.Ng3 Rac8 24.Nf5 Qf4 25.Rf3 Qe4 26.Qd3 Nxb2+ 0-1